Statistics for General knowledge #2

Click here to take the quiz!

General Stats

  • This quiz has been taken 24 times
  • The average score is 7 of 15

Answer Stats

HintAnswer% Correct
The capital city of ArgentinaBuenos Aires
90%
What creature terrifies the people in the sea in "Jaws"?Shark
90%
The current prime minister of England (November 2022)Rishi Sunak
71%
Who wrote "Frankenstein"?Mary Shelley
67%
The two elements in waterOxygen and hydrogen/ Hydrogen and oxygen
67%
What is the name of the Roman god of the hunt?Diana
48%
What is the name of Peppa's brother in Peppa Pig?George
43%
Finish the quote - "water, water everywhere but not a..."Drop To Drink
38%
The song that causes rick rollsNever Gonna Give You Up
38%
The amount of players in a full fall guys solo show lobby60
29%
The country that hosted the world cup in 1998France
29%
Finish the lyrics- "There once was a ship that put to sea, the name of the ship was..."The Billy of Tea
29%
The name of the man who sailed across the ocean in l' heritiqueAlain Bombard
10%
Where is he from?Denmark
10%
Who won the tour de France in 2022?Jonas Vindegaard
5%

Score Distribution

Percentile by Number Answered

Percent of People with Each Score

Your Score History

You have not taken this quiz